000 01609nam0a2200349 i 4500
001 RU\NLR\BIBL_A\010514063
005 20241104062653.0
010 _a9785446813995
_91000
021 _aRU
_b2014-62182
_93786
035 _a(NILC)RuMoRGB-007536549
035 _a(NLR Aleph) 010514063
090 _a10189382
_c10189382
100 _a20141027d2014 u y0rusy50 ca
101 0 _arus
102 _aRU
105 _aa|||j|||001yy
200 1 _aВычислительная техника
_eучебник
_eдля использования в учебном процессе образовательных учреждений, реализующих программы среднего профессионального образования
_fЮ.М. Келим
205 _a9-е изд., стер.
210 _aМосква
_cАкадемия
_d2014
215 _a362, [1] с.
_cил.
_d22
225 1 _aПрофессиональное образование
_iЭлектроника и микроэлектроника
300 _aНа обл.: 9-е изд.
320 _aБиблиогр.: с. 359 (15 назв.)
606 _aВычислительная техника
_jУчебные издания для среднего профессионального образования
_92152885
_3RU\NLR\AUTH\661296327
686 1 _aЗ97я723-1
700 1 _aКелим
_bЮ. М.
_gЮрий Михайлович
801 0 _aRU
_bRuMoRKP
_c20110718
_gRCR
801 2 _aRU
_bРГБ
_c20140818
_grcr
942 _cBOOK
980 _aNBR